AH International Schools' Libraries

Climate crisis for beginners / (Record no. 48268)

MARC details
000 -LEADER
fixed length control field 00410nam a2200121 4500
020 ## - INTERNATIONAL STANDARD BOOK NUMBER
International Standard Book Number 9781474979863
100 ## - MAIN ENTRY--PERSONAL NAME
Personal name Prentice, Andy,
Relator term author.
9 (RLIN) 85984
245 ## - TITLE STATEMENT
Title Climate crisis for beginners /
Statement of responsibility, etc written by Prentice and Eddie Reynolds, illustrated by El Primo Ramon.
260 ## - PUBLICATION, DISTRIBUTION, ETC. (IMPRINT)
Place of publication, distribution, etc London, England :
Name of publisher, distributor, etc Usborne ;
Date of publication, distribution, etc 2021.
300 ## - PHYSICAL DESCRIPTION
Extent 127 pages.
Dimensions 1.7 x 17.6 x 24.4 cm.
490 ## - SERIES STATEMENT
Series statement For beginners
942 ## - ADDED ENTRY ELEMENTS (KOHA)
Source of classification or shelving scheme
Koha item type Book
Holdings
Withdrawn status Lost status Source of classification or shelving scheme Damaged status Not for loan Home library Current library Date acquired Total Checkouts Full call number Barcode Date last seen Date checked out Price effective from Koha item type
          Logos International School Logos International School 01/29/2025 4 J 363.738 PRE 040310 01/09/2026 12/12/2025 01/29/2025 Book

For any Logos Library related questions please contact Miss Art at swongnarasuk@asianhope.org.

For any Asian Hope Library related questions please contact Miss Raza at graza@asianhope.org.

Click here to explore our ebooks!

Powered by Koha